000 00985nam a22003017a 4500
001 BR7310813
003 BR-BrBNA
005 20230928084221.0
007 ta
008 230509b bl.||||| |||| 00| 0 por d
040 _aBR-BrBNA
_bpor
_cBiblioteca Nacional de Agricultura
041 _a(Por)
072 _aF60; F50
_b3140
_b3575
090 _ 3140 BR7310813
100 1 _aRios, J.M. de C.
110 1 _aUniversidade Federal do Parana, Curitiba (Brasil)
_0Tese (Mestrado)
245 1 _aEstudo dos citocromos e da oxidacao fosforilativa em semente de pinheiro (Araucaria Angustifolia (Bertol.)O. Ktze)
260 3 _aCuritiba, PR (Brasil):
_c1973.
300 _a29 p.
500 _aBibliography p. 25-29 (52 ref.). (*) Documento disponível na(o) UFPR, Curitiba, PR (Brazil). Biblioteca Central
650 _aSEMENTE
650 _aPINHEIRO
650 _aTECIDO VEGETAL
650 _aOXIDACAO
650 _aCELULA
909 _a202309
_bLucia
_c55
_dLucia Elande
942 _cBK
999 _c17509
_d17509